000 01390nmm a2200373 a 4500
001 ocm0001916791
003 TR-IsHL
005 20201028173426.0
008 180910s2018 tu tur
007 cr cn
020 _a9786057510044
035 _a1916791
_b(N$T)
050 0 4 _aPR6029.R8
_bA5 2018
090 0 4 _aPR6029.R8
_bA5 2018
100 1 _aBak, Gökhan
245 1 0 _aGeorge Orwell'ın bin dokuz yüz seksen dört ve Hayvan çiftliği adlı eserlerinin "soğuk savaş" üzerinden değerlendirilmesi
_h[electronic resource] /
_cGökhan Bak ; Mevlüt Altıntop
250 _a1. basım
260 _aAnkara :
_bİksad Uluslararası Yayınevi,
_c2018
300 _a102 p.
500 _aKaynakça var
_x
650 4 _aDil ve Edebiyat
650 4 _aLanguage and Literature
650 0 _aOrwell, George, 1903-1950. Anaimal farm
650 0 _aOrwell, George, 1903-1950. Hayvan çiftliği
650 0 _aOrwell, George, 1903-1950. 1984
650 0 _aOrwell, George, 1903-1950. Nineteen eighty-four
650 0 _aYazarlar, İngiliz
_x Biyografi
650 0 _aAuthors, English
_x Biography
650 0 _aLiterature and the war
650 0 _aEdebiyat ve savaş
650 7 _aBIOGRAPHY & AUTOBIOGRAPHY / Literary
_2bisacsh
700 1 _aAltıntop, Mevlüt
856 4 0 _uhttp://search.ebscohost.com/login.aspx?direct=true&scope=site&db=e011xww&AN=1916791
999 _c17672
_d17672